00670nam a2200181 4500001000700000003000900007005001700016007000300033008004100036100004700077245008900124260003100213300003000244700004100274852003200315999001900347952012200366136888ES-MaACL20230906195245.0t|070214s1969 sp r ||||1| spa d1 aSainz Martínez de Bujanda, Luis.910160010aMallorca turística 1969 / cLuis Sainz M. de Bujanda, Manuel Alvarez de Sotomayor. aPalma : bJorvich, c1969. a450 p. : bil. ; c24 cm.1 aAlvarez de Sotomayor, Manuel.920777 aES-MaACLjC-45533 bR.69050 c136888d136888 00104070aATENEOMbATENEOMcDEPO2d2008-01-17eSCl0oC-45533p1142457r2023-02-23 00:00:00w2023-02-23yMONOGRAFIA